[Event "Gibraltar Masters 17th"]
[Site "Caleta"]
[Date "2019.01.29"]
[Round "8"]
[White "Edouard, Romain"]
[Black "Nguyen, Thai Dai Van"]
[Result "1-0"]
[WhiteElo "2643"]
[BlackElo "2535"]
[Annotator "Edouard,R"]
[PlyCount "109"]
[EventDate "2019.01.22"]
[EventType "swiss"]
[EventRounds "10"]
[EventCountry "GGB"]
[SourceTitle "CBM 188 Extra"]
[Source "ChessBase"]
[SourceDate "2019.02.26"]
[SourceVersion "1"]
[SourceVersionDate "2019.02.26"]
[SourceQuality "1"]

1. Nf3 d5 2. d4 Nf6 3. c4 e6 4. Nc3 Bb4 5. cxd5 exd5 6. Bg5 h6 7. Bh4 O-O 8. e3
Bf5 {The most popular line of the Ragozin lately.} 9. Ne5 $5 {Played only once
up to now.} (9. Qb3 Bxc3+ 10. bxc3 (10. Qxc3 Nbd7 11. Be2 c6 12. Nd2 Ne4 $1 {
does not promise White much, although I had given it a try a few days earlier.}
13. Bxd8 (13. Nxe4 Qxh4 14. Nd6 Bg4 15. g3 Qf6 16. Bxg4 Qxd6 $11 {½-½ (30)
Mamedyarov,S (2820)-Carlsen,M (2839) Porto Carras 2018}) 13... Nxc3 14. bxc3
Rfxd8 15. c4 $5 $146 (15. f3 c5 16. Kf2 Rac8 $11 {0-1 (70) Le Quang Liem (2739)
-Vidit,S (2693) Tbilisi 2017}) 15... dxc4 $6 (15... Rac8 {or 15...Nb6 are
better moves}) 16. Nxc4 Be6 17. Na5 Rab8 18. Bf3 Nb6 19. Ke2 $5 Nc4 20. Nb3 Bd5
21. g4 Kf8 22. Rhc1 $36 {1-0 (46) Edouard,R (2643)-Gavrilescu,D (2479)
Gibraltar 2019}) 10... Nbd7 11. Be2 (11. Qxb7 Rb8 12. Qxa7 Qe7 13. Be2 Rb2 $44)
11... c5 12. dxc5 g5 {The start of a huge theorical line, where practice
recently proved Black's position to be fine.} 13. Nd4 (13. Bg3 Nxc5 14. Qb5
Nfe4 15. Rc1 Qe7 16. Be5 Rac8 17. Bd4 a6 18. Qa5 Qc7 19. Qb4 Ne6 20. h4 Nxd4
21. Nxd4 Bg6 $13 {½-½ (48) Hou Yifan (2649)-Bluebaum,M (2634) Karlsruhe 2017}
) 13... Bg6 14. c6 bxc6 15. Nxc6 Qe8 16. Bg3 Nc5 17. Qb5 Nfe4 18. O-O (18. Nd4
Rc8 19. Qxe8 Rfxe8 20. Rc1 h5 21. f3 Nxg3 22. hxg3 Rxe3 23. Kf2 Re7 $15 {
½-½ (36) Vitiugov,N (2732)-Vocaturo,D (2609) Gibraltar 2018}) 18... Rc8 19.
Nd4 Nxc3 20. Qa5 Nxe2+ 21. Nxe2 Qa4 $11 {½-½ (46) So,W (2792)-Karjakin,S 
(2753) Wijk aan Zee 2018}) 9... g5 ({In the only actual game Black did well:} 
9... c5 $1 10. Bd3 Bxd3 11. Qxd3 (11. Nxd3 Bxc3+ 12. bxc3 Nbd7 $11) 11... cxd4
$1 12. exd4 Bxc3+ 13. bxc3 Qd6 14. Bxf6 Qxf6 15. O-O Qd6 $1 16. Ng4 Nd7 {
½-½ Williams,S (2437)-Stefansson,H (2514) Reykjavik 2017.}) 10. Bg3 Ne4 11.
Rc1 (11. a3 $5 {is what the engine suggests at first, but Black seems to be
fine:} Nxc3 (11... Bxc3+ 12. bxc3 f6 13. Nd3 Kg7 $13) 12. Qb3 Ba5 13. bxc3 c5
14. dxc5 Nc6 $13) 11... c5 $6 (11... Nxc3 $2 {is bad:} 12. bxc3 Ba3 13. Rb1 $1
$18) (11... Qe7 $5 {is however an interesting computer suggestion:} 12. Bd3
Bxc3+ 13. bxc3 f6 14. Ng4 (14. Nf3 Nd7 $132) 14... Kg7 {and now, and this is
the idea behind ...Qe7,} 15. Nxh6 $2 {fails to} Kxh6 16. f3 Nd6 17. Bxd6 Qxe3+
$19) 12. Bd3 $6 (12. dxc5 $1 {was stronger:} Nc6 (12... Nd7 13. Nxd7 Qxd7 14.
Bd3) (12... Qa5 13. Bd3 Nxc3 14. bxc3 Bxc3+ 15. Kf1) 13. Bd3 (13. Nxc6 bxc6 14.
Bd3 d4 {transposes}) 13... d4 14. Nxc6 bxc6 15. Bxe4 dxc3 16. bxc3 Qxd1+ 17.
Kxd1 Bxe4 18. cxb4 Bxg2 19. Rg1 Bf3+ 20. Ke1 a5 21. b5 $1 cxb5 22. c6 {and the
ending is highly unpleasant for Black, e.g.} b4 23. c7 a4 24. Kd2 $16) 12...
cxd4 (12... f6 $5 13. Ng4 Kg7 $13) 13. exd4 f6 14. Nf3 (14. Ng4 $5 Bxg4 15.
Qxg4 f5 16. Qh3 $5 {I didn't have any faith in 14.Ng4, but that was mostly
because I had missed this move.} (16. Qh5 Qe8 $1 $11) 16... f4 (16... Nc6 17.
Bxe4 dxe4 18. Qxh6 Qf6 {might be a strange solution}) 17. f3 $1 $36) 14... Nc6
15. O-O Kg7 16. Qc2 $6 {Underestimating the risks of the position.} (16. Na4 {
would have been about equal.}) 16... Re8 (16... Bxc3 17. bxc3 Rc8 $15 {was the
clearest solution.}) (16... Rc8 {was what I was hoping for, but I had missed
several resources for Black on the way:} 17. Nxe4 dxe4 (17... Ne5 $5) 18. Bxe4
Nxd4 19. Qd3 Nxf3+ (19... Re8 $5) 20. Qxf3 Bxe4 21. Qxe4 Qe7 22. Qf5 Rxc1 (
22... Rc5 $5) 23. Rxc1 Bd6 24. Bxd6 Qxd6 25. h4 Qd2 $11) 17. Nd1 Be6 (17... Bh7
$1 18. Ne3 h5 {was even stronger.}) ({Only} 17... Bg4 $2 {would be bad:} 18.
Ne3 $1 Bxf3 19. Nf5+ Kh8 20. gxf3 Nd2 21. Rfd1 $1 Nxf3+ 22. Kg2 Nfxd4 23. Nxd4
Nxd4 24. Qa4 a5 25. a3 $18) 18. Ne3 f5 19. Be5+ $2 (19. Bxe4 $1 dxe4 (19...
fxe4 20. Ne5 Nxd4 21. Qd1 $16) 20. d5 $1 {was great for White. I must say it's
actually 19...fxe4, that I overestimated.}) 19... Nxe5 (19... Kg8 $1 $13 {
was better.}) 20. Nxe5 Qb6 21. Bxe4 fxe4 22. Qd1 Bd6 $8 23. h4 $1 {Especially
with little time on clock, this is very unpleasant for Black.} Qd8 (23... Bxe5
24. dxe5 d4 25. Nc4 Bxc4 26. Rxc4 Rad8 27. hxg5 hxg5 28. Qh5 Rxe5 29. Rfc1 {
was the long line I was planning to enter, without knowing whether I would be
winning or not. It turns out I am.} Qf6 $8 30. Rc7+ Re7 31. R1c5 $1 Rxc7 32.
Rxc7+ Kf8 33. Rh7 $1 e3 $1 34. f3 $1 $18 {and it seems Black's pawns are not
in time, e.g.} d3 35. Rh8+ Ke7 36. Qh7+ Ke6 37. Qe4+ Kd6 $8 38. Qxd3+ Kc7 39.
Qxd8+ Qxd8 40. Rxd8 Kxd8 41. Kf1 $18) 24. f4 $1 gxf4 $2 {At first sight, I
thought it was winning on the spot, but it turns out there are practical
difficulties.} (24... exf3 25. Rxf3 $16) 25. Qh5 Qf6 $8 (25... Bxe5 26. Qxe5+
Qf6 27. Rc7+ $18) 26. N3g4 Bxg4 27. Qxg4+ Kh8 28. Rxf4 Bxe5 $8 29. Rxf6 Bxf6
30. Rc7 Bxd4+ 31. Kh1 $2 (31. Kf1 $1 {was stronger.}) 31... Rf8 ({Just after
playing Kh1 I realised} 31... Be5 $1 {would pose big problems for White to win.
}) 32. Qe6 Bg7 33. Re7 $6 (33. Qxd5 Rae8 34. Rf7 $18) 33... d4 (33... Rad8 $1
34. Qg6 Rg8 {and there I thought} 35. g4 $1 {was winning, but I'm not in time:}
Rdf8 36. g5 Rf1+ 37. Kg2 Rg1+ $1 38. Kh3 Rg3+ 39. Kxg3 Be5+ 40. Rxe5 Rxg6 {
and Black should hold.}) 34. Qxe4 Rad8 35. Qg6 Rg8 36. Qd3 Rde8 37. Qe4 Rd8 38.
Qd3 Rde8 39. Rxe8 Rxe8 40. Kg1 {Now it is easy.} Re3 41. Qf5 d3 (41... Re2 42.
Qc8+ Kh7 43. Qxb7 $18) 42. Qc8+ Kh7 43. Qd7 Re1+ (43... Kh8 44. Kf2 $18 (44. b4
$18)) 44. Kf2 Re2+ 45. Kf3 Rxb2 46. Qxd3+ Kh8 47. Qd8+ Kh7 48. Qd5 a6 49. g4
Rb5 50. Qd3+ Kg8 51. g5 hxg5 52. hxg5 Re5 $6 (52... Kf7 53. Kg4 $18) 53. g6 b5
54. Qd7 a5 55. Kf4 1-0

[Event "EU-chT (Men) 21st"]
[Site "Heraklion"]
[Date "2017.10.31"]
[Round "4.2"]
[White "L'Ami, Erwin"]
[Black "Movsesian, Sergei"]
[Result "1-0"]
[WhiteElo "2611"]
[BlackElo "2671"]
[Annotator "Fernandez,D"]
[PlyCount "87"]
[EventDate "2017.10.28"]
[EventType "team-swiss"]
[EventRounds "9"]
[EventCountry "GRE"]
[SourceTitle "CBM 182"]
[Source "ChessBase"]
[SourceDate "2018.01.17"]
[SourceVersion "1"]
[SourceVersionDate "2018.01.17"]
[SourceQuality "1"]
[WhiteTeam "Netherlands"]
[BlackTeam "Armenia"]
[WhiteTeamCountry "NED"]
[BlackTeamCountry "ARM"]
[WhiteClock "0:36:24"]
[BlackClock "0:23:17"]

{Now for a brief look at some completely diferent games. This one caught my
eye for a gutsy exchange sacrifice by White, who is maybe best known as an
ex-winner of the famous Reyjkavik open tournament.} 1. d4 Nf6 2. c4 e6 3. Nf3
d5 4. Nc3 Bb4 5. Bg5 h6 6. Bxf6 Qxf6 7. Qa4+ Nc6 8. e3 O-O 9. Rc1 ({According
to what I understand the main line is} 9. Be2 Bd7 (9... dxc4 10. O-O Bxc3 11.
bxc3 Bd7 12. Qxc4 $14 {Aronian,L -So,W, Saint Louis 2017}) 10. Qc2 (10. Qb3 {
is played too}) 10... dxc4 11. O-O Bd6 {Harika,D-Hou,Y, Rhodes 2013}) 9... Qg6
10. Qc2 Qxc2 11. Rxc2 Rd8 12. a3 Bf8 {So, Black has equalised, at least to my
mind. The question is whether anyone cares. These days Carlsen, Aronian and
even Kramnik seem to be much more about outplaying people later than huge
preparation, though the 'other' type of elite like Giri, Caruana, Anand
continue to exist in equal numbers.} 13. Nb5 Rd7 14. h4 {Stopping ...g5 ideas,
which doesn't look like much but is a big deal. What White might secretly want
now is to be pushed back with ...a6, so that a later Nc5! packs a bit more
punch...} a6 15. Nc3 Rd8 16. g4 $6 (16. cxd5 exd5 17. Bd3 (17. Na4 {would have
been consistent, and maybe intended, but also not best.}) 17... g6 18. g3 {
White definitely has more 'ideas' here. The king can go to g2, the Nf3 to c5,
the rooks can be doubled or not, maybe b4...}) (16. Be2 dxc4 17. Bxc4 Bd6 {
is just equal.}) (16. c5 g6 $1 {is not what White is looking for.}) 16... g6 (
16... dxc4 17. Bxc4 e5 {was a tactical opportunity that will not knock twice.})
17. cxd5 exd5 18. Bh3 {Back under control.} Ne7 19. Na4 c6 20. Nc5 Rb8 21. Ke2
Kg7 22. Nd3 (22. b4 $5 $14) 22... Ng8 23. g5 h5 24. Nfe5 Ne7 $11 {Very good
neutralisation by Black, who seems to be equal again.} 25. Bxc8 Nxc8 26. Rh3
Bd6 27. Rf3 Bxe5 28. dxe5 (28. Nxe5 Nd6 {was possible, but would fail to keep
'a little something' in the position.}) 28... Ne7 29. Rf6 Ng8 30. f4 $1 {
Exclamation mark for the Dutch courage! The conception is amazing, and not be
well understood by engines, and to do this in a team tournament... as we shall
see it may not have improved White's position, but the nerve is admirable!} (
30. Rd6 Ne7 $11) (30. Rf4 Ne7 31. Nc5 Nf5 32. e6 {was relatively pedestrian
and probably equal.}) 30... Nxf6 (30... Re8 {It takes a special kind of sadist
to do this - " I see your sacrifice, and I raise you a cold shoulder" - from a
psychological point of view this move would have been fantastic. White might
struggle to arrange a favourable f5, and Black can if he wishes take later, or
else play ...Ne7-f5 anyway.}) 31. gxf6+ Kh6 32. Rc1 {The idea is simple.
Rg1-g5, f5, Nf4 if/when it threatens Rxh5 or Rxg6.} Rbc8 $5 {A good defence.} (
32... Re8 33. Rg1 b6 {...c5 will come soon, so White should hurry.} 34. f5 (34.
Rg5 Rg8 $15) (34. Kf3 $5 {leads to one of the most amazing perpetuals I have
ever seen.} c5 35. f5 c4 36. e6 $3 cxd3 37. exf7 Re4 (37... Rf8 38. fxg6 $14)
38. Rxg6+ Kh7 39. Rg7+ Kh8 40. Rg6 $3 $11) 34... Rg8 35. e6 gxf5 36. Rxg8 Rxg8
37. exf7 Rf8 38. Ne5 c5 39. Kf3 d4 $11 {with a bizarre draw.}) (32... Rg8 $5 {
is similar to the game, but less flexible.} 33. Nc5 (33. Rg1 b6 $15) 33... a5
34. Kd3 $1 {White should now give up on f5.} (34. Rg1 b6 35. Nd7 Rb7 36. e6
Rxd7 $15) 34... b6 35. Nd7 Rb7 36. e6 Rc8 $3 $11 {The mess continues, but
Black has his counterchances.}) 33. Rg1 Rg8 34. Nc5 Rc7 {Black seems to have
adequately defended against both mate and pawn-grabbing. Now comes:} 35. f5 $1
g5 $6 (35... Rcc8 $3 {A hard defensive move to spot.} 36. Ne6 $3 {The response
is even more amazing.} fxe6 (36... gxf5 37. Ng7 c5 38. Kf3 d4 39. exd4 cxd4 $11
) 37. fxe6 Rce8 38. e7 Rg7 {Black is so tied up, this is the best he can do.}
39. Kd3 Rexe7 40. fxe7 Rxe7 41. Kd4 $11) 36. e6 g4 $1 37. e7 $1 $16 {White
gets the same bind without sacrificing his knight. A later Ne6 could well be
crushing too.} Re8 38. Kf2 b6 39. Nd3 c5 40. Nf4 Rd7 41. Rd1 d4 42. e4 $1 {
Bringing in, if needed, a fourth pawn. The game is now over.} Kh7 43. Nd5 Rb8
44. Kg3 1-0

[Event "FIDE-Wch k.o."]
[Site "Groningen"]
[Date "1997.12.17"]
[Round "4.1"]
[White "Dreev, Alexey"]
[Black "Zvjaginsev, Vadim"]
[Result "1/2-1/2"]
[WhiteElo "2640"]
[BlackElo "2635"]
[Annotator "Finkel,A"]
[PlyCount "64"]
[EventDate "1997.12.09"]
[EventType "k.o."]
[EventRounds "7"]
[EventCountry "NED"]
[SourceTitle "CBM 063"]
[Source "ChessBase"]
[SourceDate "1998.03.26"]
[SourceVersion "1"]
[SourceVersionDate "1998.03.26"]
[SourceQuality "1"]

1. d4 {Psakhis} Nf6 2. c4 e6 3. Nc3 Bb4 4. Qc2 Nc6 5. Nf3 d5 6. Bg5 (6. cxd5
exd5 7. Bg5 h6 8. Bxf6 Qxf6 9. e3 O-O 10. a3 Bxc3+ 11. Qxc3 Bg4 12. Nd2 Rae8
13. Nb3 Re7 $1 $11 {[%csl Rc7][%cal Gc6d8,Gd8e6,Gc7c6] Chernin,A-Zvjaginsev,V/
Vidmar mem, Portoroz SLO 1997 (24)}) 6... h6 (6... dxc4 $5 {Psakhis} 7. e3 Qd5
8. Bxf6 gxf6 9. Nd2 Bxc3 10. bxc3 Na5 11. Ne4 Ke7 12. f3 f5 13. Nd2 Bd7 $13 {
1/2-1/2 Dao,T-Kiss,A/HUN t-ch 1994 (36)}) 7. Bxf6 Qxf6 8. e3 O-O (8... dxc4 9.
Bxc4 O-O 10. O-O Bd6 11. Rad1 Re8 (11... e5 {Psakhis} 12. Nd5 Qd8 13. dxe5 Nxe5
14. Nxe5 Bxe5 15. f4 Bd6 16. f5 Qg5 17. Rf3 $36 {1:34-1:45 1/2-1/2 Shabalov,
A-Sokolin,L/Marshall 1993 (34)}) 12. Bb5 $5 Bd7 13. e4 Qg6 14. Qe2 $14 {
Petursson-Reeh/Gausdal/SW,20,20 1990 (37)}) 9. a3 Bxc3+ 10. Qxc3 Re8 (10... b6
$6 11. cxd5 exd5 12. Be2 Bb7 13. O-O Rfc8 14. b4 Nd8 15. Rfc1 c6 16. a4 $14 {
|^<<Lalic,B-Inkiov,V/Haifa 1989}) (10... a5) 11. Rc1 $5 (11. Be2 dxc4 12. Bxc4
e5 13. Nxe5 $6 Nxe5 14. dxe5 Qxe5 15. Qxe5 Rxe5 $11 {Krueger,K-Rotshtein,A/
Berlin Summer op 1992/0-1 (56)}) (11. Rd1 {Psakhis} a5 12. h3 a4 13. Be2 Bd7
14. O-O Rec8 15. Ne5 Be8 16. Bf3 $14 {1-0 Akesson,R-Matros,A/Stockholm op 1997
(58)}) 11... Bd7 12. cxd5 $1 $14 {N/} ({Nothing gives white} 12. Be2 dxc4 $5
13. Bxc4 e5 14. d5 $6 Nd4 $1 15. Nd2 c6 $36 {and the black is the one who
fights for advantage;Zysk,R-Brglez,R/Ptuj 1989 (54)} (15... c6 {Psakhis} 16.
Qd3 Bf5 17. e4 Bg4 $11 {1-0 Zysk,R-Brglez,R/Ptuj 1989 (54)})) 12... exd5 13.
Be2 Nd8 $5 (13... Rad8 {Psakhis} 14. O-O Bc8 15. b4 $14 (15. Bb5 Re6 16. b4 $14
)) 14. Ne5 Bf5 15. g4 $6 {Wining a pawn,but giving black sufficient
counterchanses.} ({Deserved attention} 15. O-O c6 16. b4 Rc8 17. Qb3 a6 18. a4
$14 {with longlasting pressure.}) 15... Be4 (15... Be6 {Psakhis} 16. h4 $5 $36)
16. f3 Bh7 (16... Qh4+ $142 $1 {Psakhis} 17. Kd2 f6 (17... Bh7 18. Qxc7 f6 19.
Qd7 $1 Ne6 20. Qf7+ Kh8 21. Ng6+ (21. Nd3 Bxd3 22. Kxd3 Qf2 $19) 21... Bxg6 22.
Qxg6 Qf2 23. Qd3 (23. Rcf1 $2 Qxe2+ $1 24. Kxe2 Nf4+ $19)) 18. fxe4 fxe5 19.
exd5 (19. Qb3 exd4 20. Qxd5+ Ne6 $17 {[%csl Rd2,Ge6,Gh4][%cal Ga8d8]}) (19.
dxe5 dxe4 20. Qxc7 Ne6 $132) 19... exd4 20. Qxd4 Re7 $44 {[%cal Gd8f7]}) 17.
Qxc7 Nc6 $1 $44 (17... Ne6 {Psakhis} 18. Qxb7 Rab8 19. Qc6 Qh4+ 20. Kf1 $16)
18. Nxc6 (18. g5 $6 Qe6 $1 19. Qxb7 (19. gxh6 $2 Nxe5 20. Qxe5 Qxh6 $19 {
[%csl Re3][%cal Ge8e1]}) 19... Nxe5 20. dxe5 Qxe5 21. Rc3 d4 $1 $17 {[%cal
Ge8e2,Ge5e2]}) 18... bxc6 19. Rc3 (19. Rxc6 Qg5 $1 (19... Qh4+ $2 20. Kd2 Qg5
21. Qf4 $18) 20. Rc3 $6 (20. f4 Qh4+ 21. Kd2 Rab8 (21... Rxe3 $2 22. Kxe3 Re8+
23. Kd2 Qf2 24. Qe5 $3 $18) (21... Be4 $44 {Psakhis}) 22. b4 a5 $1 23. Qxa5
Rxe3 $5 24. Kxe3 Re8+ 25. Kd2 Qf2 26. Re1 Qxd4+ 27. Kc1 Qa1+ $11) 20... Rxe3
21. h4 Rxc3 22. Qxc3 Qf4 $36) 19... Re7 20. Qxc6 $8 (20. Qg3 $2 {Psakhis} c5 $1
21. dxc5 (21. Rxc5 Rxe3 22. Rxd5 Qb6 $5 $17) 21... d4 22. Rb3 d3 23. Rb8+ Re8
$17) 20... Qxc6 21. Rxc6 Rxe3 22. Kf2 (22. Rc3 Rxc3 23. bxc3 Rb8 24. Bd1 Rb2
$44) 22... Rb3 (22... Rae8 {Psakhis} 23. Bd1 Rd3 24. Re1 $14) 23. Rhc1 g5 $1
$11 24. Rc8+ (24. Rxh6 {Psakhis} Rxb2 (24... Bg6 $5) 25. Rh5 Re8 26. Rxg5+ Kf8
27. Re5 Rxe5 28. dxe5 d4 $1 $44) 24... Rxc8 25. Rxc8+ Kg7 26. Rc5 Rxb2 27. Ke1
(27. Rxd5 Bd3 28. Re5 Ra2 $11) 27... Rb1+ 28. Kd2 Rb2+ 29. Kd1 Rb1+ 30. Kd2
Rb2+ 31. Ke1 Rb1+ 32. Kf2 Rb2 1/2-1/2

[Event "Norway Chess Qualifier"]
[Site "Fagernes"]
[Date "2016.03.23"]
[Round "1"]
[White "Hammer, Jon Ludvig"]
[Black "Grandelius, Nils"]
[Result "0-1"]
[WhiteElo "2701"]
[BlackElo "2646"]
[Annotator "Fischer,J"]
[PlyCount "146"]
[EventDate "2016.03.23"]
[EventType "tourn"]
[EventRounds "6"]
[EventCountry "NOR"]
[EventCategory "16"]
[SourceTitle "CBM 172"]
[Source "ChessBase"]
[SourceDate "2016.05.12"]
[SourceVersion "1"]
[SourceVersionDate "2016.05.12"]
[SourceQuality "1"]

1. c4 Nf6 2. Nc3 e6 3. Nf3 d5 4. d4 Nbd7 5. cxd5 exd5 6. Bg5 Bb4 7. Nd2 c6 8.
e3 Nf8 9. Bd3 Ng6 10. O-O O-O 11. f4 h6 12. Bxf6 Qxf6 13. f5 Nh4 {This is a
new move and it is likely that Grandelius analysed its tactical consequences
at home.} ({A previous top-level game continued with} 13... Ne7 14. Nde4 dxe4
15. Nxe4 Qh4 16. g3 Qh3 17. Nf2 Qxf1+ 18. Kxf1 Nxf5 19. Qf3 Nd6 20. e4 f6 21.
Bc2 Be6 22. Nd3 Nc4 23. Kg1 Bd6 24. Nf4 Bxf4 25. gxf4 Rad8 26. f5 Bf7 27. Qc3
Rfe8 28. Bd3 Nb6 29. a4 a6 30. a5 Nc8 31. e5 Ne7 32. e6 Bh5 33. Be4 Nd5 34. Qh3
Be2 35. Kf2 Bb5 36. Rg1 Kh7 37. Qa3 Bc4 38. Rg4 Bb5 39. Rg1 Bc4 40. Rc1 Bb5 41.
Bf3 Nf4 42. Rd1 Kh8 43. d5 {Aronian,L (2830)-Mamedyarov,S (2757)
Khanty-Mansiysk 2014 1-0}) 14. Qh5 {[#]} Bxf5 {A surprising tactical shot.
Black gives two pieces for a rook and a pawn and stops White's attack.} 15.
Rxf5 ({After} 15. Bxf5 g6 16. Bxg6 fxg6 17. Rxf6 gxh5 18. Rxh6 Nf5 19. Rxh5
Nxe3 {the engines assess the position as equal. Black is pawn down but has
good play.}) 15... Nxf5 16. Qxf5 Qxf5 17. Bxf5 Rae8 {The engines also give
this position as equal. White's e-pawn is weak and White's minor pieces find
it surprisingly difficult to find targets to attack.} 18. Kf2 g6 19. Bd3 Re6
20. g4 Rfe8 21. Re1 Be7 22. Nf3 Bg5 23. Nd1 Rf6 24. Kg2 Rfe6 25. Kf2 Rf6 26.
Ke2 Rfe6 27. Kd2 Rf6 28. Ke2 Rfe6 29. Kd2 Rf6 {[#]Grandelius was obviously
content with a draw and did not show any intention to avoid the repetition of
moves. But Hammer wants to continue the game and play for a win. In fact,
White is definitely not worse and might even be slightly better here.} 30. Be2
Rfe6 31. Bf1 Kg7 32. a3 Bd8 33. Bd3 Bc7 34. h4 Rf6 35. Rf1 Ba5+ 36. Ke2 Bb6 37.
g5 hxg5 38. hxg5 Rfe6 39. Ne5 $6 {[#]Allowing Black to change the position
favorably.} ({After} 39. Bc2 {or}) (39. Kd2 {White runs no danger to lose the
game.}) 39... R6e7 40. b4 {[#]} Rxe5 $1 {After this exchange sacrifice Black
is a piece down but he will get three pawns for it - and suddenly it is White
who has to be careful.} 41. dxe5 Rxe5 42. Rg1 Bd8 43. Kf3 Bxg5 44. e4 $2 {
[#] White finally wants to get rid of the weakness which has plagued for the
last moves. However, now the black bishop finds new targets on the queenside.}
({After a non-committal move such as} 44. Rg2 {the position is still roughly
balanced.}) 44... Bc1 45. a4 Ba3 46. exd5 ({After} 46. b5 dxe4+ 47. Bxe4 cxb5
48. axb5 Rxb5 {White also loses a pawn.}) 46... Rxd5 47. Bc4 Rf5+ 48. Ke4 Bxb4
{Now Black has four pawns for the piece and is the one playing for a win.} 49.
Rf1 b5 50. axb5 cxb5 51. Ne3 Rxf1 52. Bxf1 a6 53. Nd5 Bd6 54. Ne3 Kh6 55. Kd5
Bf4 56. Nc2 Bd2 57. Nd4 f5 58. Nxb5 {Liquidating into an endgame with
opposite-colored bishops which is perhaps White's best hope for a draw.
However, Black's king is too active.} axb5 59. Bxb5 Kg5 60. Ke6 f4 61. Kf7 f3
62. Bc6 f2 63. Bb5 Bc3 64. Bf1 Kh6 65. Be2 g5 66. Ke6 Kg6 67. Bd3+ Kh5 68. Kf5
Kh4 69. Be2 Bd2 70. Bf1 Kg3 71. Ke4 Kh2 72. Kd3 Kg1 73. Ke2 g4 0-1

[Event "Bayern-chI Bank Hofmann 19th"]
[Site "Bad Wiessee"]
[Date "2015.11.05"]
[Round "6"]
[White "Nisipeanu, Liviu Dieter"]
[Black "Piorun, Kacper"]
[Result "0-1"]
[WhiteElo "2678"]
[BlackElo "2609"]
[Annotator "Fischer,J"]
[PlyCount "50"]
[EventDate "2015.10.31"]
[EventType "swiss"]
[EventRounds "9"]
[EventCountry "GER"]
[SourceTitle "CBM 169 Extra"]
[Source "ChessBase"]
[SourceDate "2015.12.18"]
[SourceVersion "1"]
[SourceVersionDate "2015.12.18"]
[SourceQuality "1"]

1. Nf3 d5 2. d4 Nf6 3. c4 e6 4. Nc3 Bb4 5. cxd5 exd5 6. Bg5 h6 7. Bh4 c5 8. e3
c4 9. Nd2 g5 10. Bg3 Bxc3 11. bxc3 Bf5 12. Be2 Nc6 13. O-O O-O 14. f3 b5 15. e4
$5 {Weiß opfert einen Bauern, um Linien zu öffnen und die geschwächte
Königsstellung des Schwarzen anzugreifen.} dxe4 16. fxe4 Nxe4 17. Nxe4 ({
Den Läufer auf f5 kann Weiß nicht nehmen:} 17. Rxf5 Nxc3 18. Qf1 Nxe2+ 19.
Qxe2 Qxd4+ {und Schwarz gewinnt.}) 17... Bxe4 18. Bf3 Qd5 19. Bxe4 Qxe4 20. Rf6
Ne7 21. Qh5 Nf5 22. Re1 $2 {Weiß hat einen Bauern weniger und die Stellung
ist unübersichtlich, aber die Engines bewerten sie als ausgeglichen - doch
dieser Zug ist ein Versehen, das Weiß die Partie kostet.} (22. Be5 {Der
Computer gibt folgende Ausgleichsvariante an:} Rae8 23. Rg6+ Kh7 24. Rf6 Re6
25. Rxf7+ Kg8 26. Rxf8+ Kxf8 27. Kh1 Kg8 28. Rf1 {mit Ausgleich. In der
praktischen Partie bietet diese Stellung natürlich beiden Seiten Chancen.})
22... Nxg3 23. hxg3 Qxe1+ 24. Kh2 Qe4 25. Rxh6 f6 {Nach diesem Zug entkommt
der schwarze König, z.B. 26.Tg6+ Kf7 27.Txg5+ Ke6 und es ist kein Matt zu
sehen.} 0-1